[Event "Bundesliga 0304 playoff"]
[Site "Germany"]
[Date "2004.05.09"]
[Round "1.5"]
[White "Graf, Alexander"]
[Black "Dautov, Rustem"]
[Result "1-0"]
[WhiteElo "2643"]
[BlackElo "2610"]
[Annotator "Dautov,R"]
[PlyCount "123"]
[EventDate "2004.05.09"]
[EventType "team-match"]
[EventRounds "1"]
[EventCountry "GER"]
[SourceTitle "CBM 101"]
[Source "ChessBase"]
[SourceDate "2004.07.27"]
[SourceVersion "1"]
[SourceVersionDate "2004.07.27"]
[SourceQuality "1"]
[WhiteTeam "Porz"]
[BlackTeam "Baden Oos"]
[WhiteTeamCountry "GER"]
[BlackTeamCountry "GER"]

{[%mdl 2]} 1. d4 Nf6 2. c4 c6 3. Nc3 d5 4. Nf3 a6 5. cxd5 cxd5 6. Ne5 Nc6 $1 {
Diese logische Fortsetzung wurde bisher nur selten gespielt, meistens
bevorzugt Schwarz 6...e6.} 7. Bg5 $6 {Nicht die beste Antwort, dieser Läufer
gehört nach f4.} (7. Bf4 Qb6 8. Nxc6 bxc6 {führt zu einer bekannten Variante,
in der Schwarz keine Eröffnungsschwierigkeiten verspürt.}) (7. Qa4 Bd7 8. Nxd7
Qxd7 9. Bg5 e6 $11) ({Nach dem naheliegenden Abtausch} 7. Nxc6 bxc6 {kann Weiß
aus der Schwäche des Feldes c5 kein Kapital schlagen:} 8. e3 (8. Na4 e6 9. Bf4
Bb4+ 10. Bd2 Bxd2+ 11. Qxd2 Ne4 $36) 8... e6 9. Bd3 (9. Na4 Ne4) 9... c5 $11)
7... Qb6 8. Nxc6 bxc6 9. Qd2 Rb8 $1 {Auf diese Weise kann Schwarz das Fehlen
des weißen Läufers auf f4 nutzen.} 10. b3 {Schwarz steht bereits besser, was
sich Alexander mit intensivem Zeitverbrauch anmerken ließ ( Weiß 1.25, Schwarz
0.39).} (10. Na4 Qb4 11. b3 e5 $1 $15) 10... e5 $1 {Ich sah, daß der einfache
Abtausch 10...Ne4 Schwarz eine andauernde und risikolose Initiative einbringt,
ließ mich aber dann zu der energischen Textfortsetzung hinreißen.} (10... Ne4
$5 11. Nxe4 dxe4 {Schwarz droht e7-e5 nebst Bb4, und die lange Rochade
verspricht dem weißen König keine Ruhe.} 12. Qc2 $1 {Die beste Verteidigung.
Interssant ist die folgende, keinesfalls forcierte Variante.} (12. Be3 e6 13.
O-O-O Ba3+ 14. Kb1 O-O 15. Qc2 a5 $40) (12. Qb2 e5 13. O-O-O Be6 $40) (12.
O-O-O e5 (12... Bf5 13. e3 e6 $40) 13. dxe5 Ba3+ 14. Kb1 Be6 15. Qc2 O-O 16. e3
a5 $40) 12... e5 $1 (12... Bf5 13. Rc1 e5 (13... Rc8 $6 14. Qc5 $14) 14. Qxc6+
Qxc6 15. Rxc6 exd4 16. Rxa6 Bb4+ 17. Bd2 O-O $44) 13. Qxe4 Bb4+ 14. Bd2 Bxd2+
15. Kxd2 Qb4+ 16. Kc2 Be6 $1 {/\Bb3} (16... O-O 17. e3 $1 exd4 18. Qxd4 Bf5+
19. Kb2 $14) 17. e3 $1 (17. Qxc6+ $2 Kd8 $17) (17. Qxe5 O-O 18. Qe3 c5 19. Qc3
Qa3 $40) 17... c5 $1 18. Bxa6 (18. Qxe5 cxd4 $40) 18... cxd4 19. exd4 exd4 20.
Qc6+ Ke7 21. Qc7+ Kf6 22. Qf4+ Ke7 23. Qc7+ $11) (10... e6 {wurde nach der
Partie von Alexander vorgeschlagen. Es schien mir zu langsam.} 11. Bxf6 gxf6
12. e3 Bb4 (12... c5 $2 13. Na4 $14) (12... Rg8 13. Na4 Qa7 14. Qc2 Bb4+ 15.
Kd1 $13) 13. Be2 c5 14. O-O {Weiß entfesselt bald seinen Springer, wonach die
Stellung unklar bleibt.} cxd4 15. exd4 Bd7 16. Qe3 $13) 11. dxe5 (11. Bxf6 $2 {
ist für Weiß nicht spielbar.} gxf6 12. e3 Bb4 13. Be2 c5 $17) 11... Ne4 (11...
Ng4 {bringt Schwarz nicht mehr als Ausgleich.} 12. e3 Nxe5 13. Be2 $11) 12.
Nxe4 Bb4 13. Nc3 d4 14. Rc1 {Die kritische Stellung. Ich habe sie
korrekterweise als vorteilhaft für Schwarz eingeschätzt, untermauerte aber
diese Einschätzung mit einer fehlerhaften Idee. Mein nächster Zug, schon
früher vorausgeplant, erweist sich als ein grober Fehler. In Wirklichkeit
verfügt Schwarz über mehrere vielversprechende Wege, aber nur einer bringt ihm
einen fühlbaren Vorteil.} Bf5 $4 {[%mdl 8192]} (14... Qc5 15. e3 Bxc3 16. Rxc3
Qxc3 17. Qxc3 dxc3 18. Bd3 a5 19. Kd1 a4 20. Kc2 axb3+ 21. axb3 Be6 22. Rb1 $11
) (14... Bxc3 15. Rxc3 dxc3 16. Qxc3 c5 17. e4 Qg6 18. Qe3 Bd7 $11) (14... dxc3
15. Qc2 Qa5 $1 16. e3 (16. Bf4 $6 Ba3 17. Rd1 Bf5 18. e4 Bxe4) 16... Qd5 $1 17.
e4 (17. Rd1 Bf5 18. Rxd5 Bxc2 $36) 17... Qxe5 18. Be3 f5 19. exf5 Bxf5 20. Bd3
Bxd3 21. Qxd3 $11) (14... h6 $1 {ist der beste Zug. Schwarz braucht das Feld
d8 für seinen Turm und verjagt deswegen den gegnerischen Läufer.} 15. Bf4 ({
Mir gefiel die Möglichkeit 15.Be3 nicht, dabei habe ich die folgende Nuance
übersehen:} 15. Be3 dxe3 (15... c5 $13) 16. Qxe3 (16. fxe3 O-O $17) 16... Qxe3
17. fxe3 Rb5 $1 {Diesen starken Zug habe ich nicht gesehen. Schwarz droht mit
Rc5.} 18. Kd1 $1 (18. a3 $2 Bxa3 19. Nxb5 Bxc1 20. Nd6+ Ke7 $17) (18. e4 $2 Rc5
19. Kd2 Ke7 20. e3 Rd8+ 21. Bd3 a5 $19) 18... Rxe5 (18... Rc5 19. Nb1 $15) 19.
e4 Ke7 20. e3 Rd8+ 21. Kc2 Rc5 22. Bc4 Be6 23. Na4 Rg5 24. Bxe6 Rxg2+ 25. Kb1
Kxe6 26. Rxc6+ Rd6 $17 {, und trotz des materiellen Defizits hat Schwarz einen
klaren Vorteil.}) 15... g5 $1 16. Bg3 dxc3 17. Qc2 Qd4 $1 {Nun wird es klar,
warum 15...g5 eingeschaltet wurde - Schwarz droht mit Qd2+. Eine andere
vielversprechende Möglichkeit ist 17...Bf5!?} (17... Bf5 $5 18. e4 Rd8 $1 19.
exf5 (19. Bd3 $2 Bxe4 20. Bxe4 Rd2 21. O-O Rxc2 22. Rxc2 O-O $17) 19... Rd2 20.
Bc4 (20. Qe4 $2 c2 $19) 20... Rxc2 21. Rxc2 {Optisch sieht die weiße Stellung
sehr gut aus, aber dank dem folgenden Zug kann Schwarz einen gefährlichen
Königsangriff entfalten.} h5 $1 22. h4 (22. h3 h4 23. Bh2 Qd4 24. O-O g4 25.
hxg4 Qxg4 $17) 22... Qd4 23. hxg5 h4 $17) 18. Rd1 Bf5 $1 19. Rxd4 Bxc2 {
Im Endspiel avanciert der Freibauer c3 zu einer großen Kraft.} 20. e3 Be4 $1
21. Bxa6 Bxg2 22. Rg1 Bf3 23. Rxb4 Rxb4 $17) 15. e4 $16 {Erst nachdem dieser
Zug ausgeführt wurde stellte ich mit großem Entsetzen fest, daß das geplante
15...Bxe4 mit 16.Nxe4 beantwortet würde, wonach die drei weißen Leichtfiguren
der schwarzen Dame klar überlegen wären. Ein klarer Fall von Schachblindheit!}
Bg6 {Ein klares Eingeständnis der eigenen Dummheit, aber es gab kaum etwas
Besseres.} (15... Be6 16. Bd3 Bxc3 17. Rxc3 dxc3 18. Qxc3 O-O 19. O-O $16) (
15... Bxe4 16. Nxe4 Bxd2+ 17. Bxd2 $16) (15... h6 16. exf5 Bxc3 (16... hxg5 17.
Qxg5 Bxc3+ 18. Kd1 $16) 17. Rxc3 dxc3 18. Qxc3 hxg5 19. Bc4 $16) 16. Bc4 (16.
Bd3 $5 $16) 16... h6 17. Bf4 dxc3 $2 {Verzweiflung, die zu früh kommt. Ich
sollte auf jeden Fall die Qualität nehmen. Nach dem Textzug sind die schwarzen
Überlebenschancen gleich Null.} (17... Bxc3 18. Rxc3 dxc3 19. Qxc3 O-O (19...
Bxe4 20. O-O O-O 21. e6 $16) 20. O-O Rfe8 $16) 18. Qe2 c2+ $2 (18... O-O 19.
O-O $18) (18... Qd4 19. f3 O-O 20. Qe3 $18) 19. Kf1 $18 Rd8 20. f3 O-O 21. Rxc2
Rfe8 22. g3 {Der Rest ist eine klare Sache. In einem Einzelturnier hätte ich
natürlich viel früher aufgegeben.} a5 23. Kg2 Qd4 24. Rcc1 Qd7 25. Rhd1 Qe7 26.
Rxd8 Rxd8 27. Rd1 Rxd1 28. Qxd1 Bh5 29. g4 g5 30. Bg3 Bg6 31. Qd3 Bc5 32. Qd2
Bb4 33. Qd4 Bc5 34. Qd3 Bb4 35. h3 Bc5 36. Qd2 Bb4 37. Qd4 Bc5 38. Qd3 Bb4 39.
Kf1 Bc5 40. a4 Bb4 41. Qd4 Bc5 42. Qb2 Bb4 43. Be1 Bxe1 44. Kxe1 Qc5 45. Kf1
Qe3 46. Kg2 Kh7 47. Qf2 Qc3 48. e6 fxe6 49. Qa7+ Kh8 50. Bxe6 Qb2+ 51. Qf2 Qc3
52. Bc4 Kg7 53. h4 Qe5 54. Qd2 gxh4 55. Qd7+ Kf8 56. Qd8+ Be8 57. Qxh4 Kg7 58.
Qh2 Qb2+ 59. Kh3 Qc3 60. Qc7+ Kh8 61. Qf4 Kg7 62. e5 1-0

[Event "Julian Borowski-A 3rd"]
[Site "Essen"]
[Date "2001.05.10"]
[Round "8"]
[White "Jussupow, Artur"]
[Black "Dautov, Rustem"]
[Result "1/2-1/2"]
[WhiteElo "2645"]
[BlackElo "2631"]
[Annotator "Dautov,R"]
[PlyCount "76"]
[EventDate "2001.05.02"]
[EventType "tourn"]
[EventRounds "9"]
[EventCountry "GER"]
[EventCategory "15"]
[SourceTitle "CBM 083"]
[Source "ChessBase"]
[SourceDate "2001.07.05"]
[SourceVersion "1"]
[SourceVersionDate "2001.07.05"]
[SourceQuality "1"]

1. d4 {Huebner,R} d5 2. c4 c6 3. e3 Nf6 4. Nf3 a6 5. Nc3 b5 6. cxd5 cxd5 7. Bd2
e6 8. Ne5 Bd6 {Die korrekte Entwicklungsreihenfolge-zuerst rochieren! Der
Damenflügel kann noch warten. Andernfalls kann Schwarz unter Druck geraten, z.B
} (8... Nbd7 9. Rc1 Bd6 $2 (9... Nxe5 $1 $11) 10. Nc6 $3 Qb6 11. a4 $1 Bb7 12.
axb5 axb5 13. Nxb5 Bxc6 14. Nxd6+ Ke7 15. Bb5 $1 Bxb5 16. Bb4 $16 {
Dreev-Rausis/Luzern 1993}) ({oder} 8... Bb7 $6 9. a4 b4 10. Na2 a5 11. Bb5+
Nbd7 12. Qf3 $1 $16) 9. Be2 O-O ({Und noch ein Beispiel der schwarzen
Unachtsamkeit:} 9... Nbd7 10. Nd3 Ne4 $6 11. Rc1 Qe7 12. Nxe4 dxe4 13. Nc5 $1
Nf6 14. a4 $16 {Karpov-Gavrikov/Baden-Baden 1995}) 10. O-O Nbd7 11. Nd3 {
Huebner,R: 'Der Aufbau des Weißen ist reichlich zahm.'} Qe7 12. b4 {Konsequent
gespielt.} ({In der Praxis kam} 12. Rc1 {vor:} Nb6 $6 ({Korrekt ist natürlich} 
12... Bb7 $11) 13. Nb1 Bd7 14. b3 Rfb8 15. Ba5 Be8 16. Rc2 Nbd7 17. Qc1 e5 18.
dxe5 Nxe5 19. Bc7 $14 {Akesson,R-Hellsten,J/SWE-chT 9596}) 12... Nb6 13. Nc5
Bd7 {'=/+' Huebner,R.} 14. Bf3 $2 {'?!' Huebner,R. Eine überraschende
Entscheidung! Nach langem Nachdenken entschied sich Artur für die Durchsetzung
von e3-e4, was unmittelbar zu schwarzem Vorteil führte. Huebner,R: 'Die
Absicht, e3-e4 durchzusetzen, erscheint mir positionell sehr riskant.
Vielleicht hätte Weiß eher mit'} ({Ich erwartete das natürliche} 14. a4 {.} Nc4
$1 {Die beste Fortsetzung.} 15. Qc2 Bc6 16. Ra2 Rfb8 (16... e5 $6 17. Rfa1 exd4
18. exd4 bxa4 19. Bg5 $1 $14) (16... Nd7 $5 17. Rfa1 Ndb6 18. axb5 axb5 19.
Rxa8 Rxa8 20. Rxa8+ Nxa8 21. Qa2 Nc7 $11) 17. Rfa1 Qe8 $11 {, und Weiß kann
seinen Druck auf dem Damenflügel nicht verstärken, das Spiel ist ausgeglichen.}
) (14. f4 $5 {Huebner,R seine Stellung zusammenhalten sollen.}) 14... Bc6 $15
15. Re1 Nc4 16. e4 {Innerhalb von zwei Zügen fand ein vollständiger
Kulissenwechsel statt. Schwarz drohte bereits mit a6-a5, weswegen Weiß seinem
Plan folgen und das Zentrum öffnen muß.} (16. a4 $2 bxa4 17. N3xa4 $2 Bxa4 $19)
16... dxe4 (16... Bxc5 17. bxc5 b4 $2 18. Nxd5 $1 $18) 17. N3xe4 Nxe4 18. Bxe4
Bxe4 19. Rxe4 Rfd8 (19... Bxc5 $2 20. bxc5 $11 {/\Bc3}) 20. Bc3 {Schwarz steht
zweifelsohne besser, dennoch wird der weiße Nachteil durch den starken
Springer c5 teilweise kompensiert. Mit seinem nächsten Zug wird Schwarz dessen
Posten schwächen und seine einzige Schwäche, den Bauern a6, loswerden.} a5 $1 (
20... Qg5 {Huebner,R ist wohl präziser.}) 21. Qf3 {'?' Huebner,R.} (21. Qh5 {
Huebner,R bot bessere Rettungsaussichten.}) 21... axb4 22. Bxb4 Qg5 $1 $17 {
Die Dame strebt nach d5.} 23. g3 $2 ({Nebenbei wurde eine kleine Falle
gestellt:} 23. Rg4 $2 Rxa2 $19) ({Zäher war im jeden Fall} 23. a3 $1 Qd5 24.
Rae1 Ra7 25. Qh3 Be7 $17) 23... Qd5 24. Qe2 e5 $1 {Artur hat die Gefahr zu
spät erkannt. Nachdem das linke Standbein des weißen Springers, der Bauer b4,
gefallen ist, fällt auch das rechte, der Bauer d4. Leider reduzierte sich
meine Bedenkzeit noch schneller als sich meine Stellung verbesserte.} 25. Rd1 {
Der Materialverlust war für Weiß bereits nicht zu vermeiden.} (25. Nd3 exd4 $17
) 25... Bxc5 26. Bxc5 Rxa2 $1 27. Qxa2 Qxe4 28. d5 $1 {Die einzige Chance, die
Stellung zu komplizieren. Zu seinem Glück hat Weiß auch weiterhin nicht viele
vernünftige Züge zur Auswahl und konnte sich das Nachdenken sparen.} Qf3 29.
Qa1 h5 ({Verlockend scheint der Bauerngewinn} 29... Nb2 $2 30. Rd2 Na4 $2 {
, bis man das vernichtende} (30... Nd3 31. Be7) 31. Be7 $1 Rxd5 $2 32. Qxe5 $3
$18 {sieht.}) ({Eine gute Idee war} 29... e4 $1 30. d6 (30. Be7 $2 {wird durch}
e3 31. Rf1 e2 32. Re1 Ne3 $1 33. fxe3 Qxe3+ 34. Kg2 Qxe7 $19 {widerlegt;}) (30.
Qd4 $2 {ist schlecht wegen} e3 $1 31. fxe3 Nxe3 $19) {, und erst jetzt, mit
dem weißen Läufer auf c5,} 30... h5 $1 $19) 30. Be7 $1 Rd7 31. d6 h4 32. gxh4
$1 {In dieser Stellung verblieben mir 5 Minuten auf der Uhr gegen 17 von Artur.
Eigentlich genug, um die besten Züge zu finden. Aber ich zog erneut zu langsam.
} ({Natürlich nicht} 32. Bxh4 $2 f6 $19) 32... Ra7 $6 {Huebner,R: 'Es ist
nicht leicht zu entscheiden, ob dies die aussichtsreichste Fortsetzung ist;
dies hängt davon ab, wie man das Damenendspiel, das danach hätte entstehen
können (siehe Anmerkung zum 35. Zuge von Schwarz) einschätzt. Auf jeden Fall
hätte sich Schwarz mit der Fortsetzung'} ({Unsere Computerprogramme, denen die
Zeitnotprobleme unbekannt sind, finden leicht das gewinnbringende} 32... b4 $1
{Der Freibauer marschiert nach vorne:} 33. Re1 b3 34. Qa4 Qg4+ 35. Kh1 b2 $19)
(32... Qg4+ {Huebner,R} 33. Kf1 (33. Kh1 {Huebner,R} Qe4+ 34. Kg1 Nxd6 35. Bxd6
Qg6+ 36. Kf1 Rxd6 37. Qa8+ Kh7 {, und Schwarz gewinnt.}) 33... Qf5 34. Qc3 (34.
Qa8+ {Huebner,R} Kh7 35. Ke1 Nb2) 34... e4 {gute Gewinnaussichten bewahrt.})
33. Qxa7 (33. Qb1 $2 Ra2 (33... Ne3 $2 34. fxe3 Ra4 35. e4 Rxe4 36. Qxe4 Qxe4
37. d7 Qe3+ $11) 34. Qxa2 Qxd1+ 35. Kg2 Qg4+ 36. Kf1 Nxd6 37. Bxd6 Qd1+ 38. Kg2
Qxd6 $19) 33... Qxd1+ 34. Kg2 Qg4+ 35. Kh1 (35. Kf1 $2 {verliert forciert:}
Nd2+ 36. Ke1 Nf3+ 37. Ke2 Nd4+ 38. Kd2 Qe2+ 39. Kc3 Qc2+ 40. Kb4 Nc6+ $19)
35... Qd1+ ({Keine leichte Verteidigungsaufgabe hat Weiß nach} 35... Nxd6 {
Huebner,R} 36. Qb8+ Nc8 37. Qxb5 Nxe7 38. Qe8+ Kh7 39. Qxe7 f6) 36. Kg2 Qg4+
37. Kh1 Qf3+ {'?' Huebner,R.  Mit einer Minute auf der Uhr sah ich nur dieses
Dauerschach. Dabei gab es mindestens zwei gewinnträchtige Möglichkeiten.} ({
Nicht leicht zu finden war} 37... Qh3 $1 38. Qa8+ Kh7 39. Qg2 Qd3 $5 (39...
Qxg2+ 40. Kxg2 Nb6 $17) 40. Qg3 Qd5+ 41. Qg2 Qd4 $17) ({Aber} 37... Nxd6 $1 {
lag an der Oberfläche.} 38. Qb8+ (38. Bxd6 Qd1+ 39. Kg2 Qxd6 $19) 38... Nc8 39.
Qxb5 (39. Qxe5 $2 Nxe7 40. Qxe7 Qc4 $19) 39... Nxe7 40. Qe8+ Kh7 41. Qxe7 f6
$17 {Schwarz gewinnt den Bauern h4 und behält im Endspiel exzellente
Gewinnchancen.}) 38. Kg1 Qd1+ 1/2-1/2

[Event "EU-chT (Men) 15th"]
[Site "Gothenburg"]
[Date "2005.08.04"]
[Round "6.7"]
[White "Gyimesi, Zoltan"]
[Black "Dautov, Rustem"]
[Result "1/2-1/2"]
[WhiteElo "2628"]
[BlackElo "2595"]
[Annotator "Dautov,R"]
[PlyCount "82"]
[EventDate "2005.07.30"]
[EventType "team-swiss"]
[EventRounds "9"]
[EventCountry "SWE"]
[SourceTitle "CBM 109"]
[Source "ChessBase"]
[SourceDate "2005.11.14"]
[SourceVersion "1"]
[SourceVersionDate "2005.11.14"]
[SourceQuality "1"]
[WhiteTeam "Hungary"]
[BlackTeam "Germany"]
[WhiteTeamCountry "HUN"]
[BlackTeamCountry "GER"]

1. d4 d5 2. c4 c6 3. Nf3 Nf6 4. Nc3 a6 5. c5 Nbd7 6. Bf4 Nh5 7. e3 Nxf4 8. exf4
b5 9. cxb6 e6 {Verbunden mit dem nächsten Zug ist das eine neue Idee, die ich
vor einiger Zeit entdeckt und analysiert habe. Schwarz hat keine Eile mit dem
Nehmen auf b6 und entwickelt zuerst seinen Königsflügel. Je nach Spiel des
Gegners wird er später darüber entscheiden, ob er den weißen Bauern mit der
Dame oder mit dem Springer nehmen will.} ({Nach dem häufig gespielten 9...Qxb6
kann Weiß den Bauern b2 mit 10.Bd3! opfern.} 9... Qxb6 10. Bd3 Qxb2 11. Rc1 e6
(11... g6 12. O-O $44) 12. O-O $44) 10. Bd3 ({In einer Nachfolgerpartie
spielte Weiß schwächer:} 10. Rc1 Bd6 11. Qd2 c5 12. dxc5 Nxc5 13. Qd4 O-O 14.
Be2 Qxb6 $15 {Karner,C-Knoll,H /Gmunden 2005}) 10... Bd6 $1 {[%mdl 8]} 11. f5 (
11. g3 c5 $11) 11... Nxb6 $1 {Auf diese Weise entwickelt Schwarz seine Figuren
am schnellsten.} 12. Qc2 (12. fxe6 Bxe6 13. O-O O-O $11) 12... exf5 13. Bxf5
Qe7+ 14. Kf1 Bxf5 15. Qxf5 g6 16. Qd3 O-O $11 {Schwarz hat mühelos
ausgeglichen.} 17. g3 a5 $1 {Ein einfacher und effektiver Plan, nach a5-a4
kann der schwarze Springer auf c4 Halt finden.} 18. Kg2 a4 19. Rac1 (19. Nd2
Rfe8 20. Rac1 Qd7 $15) 19... Nc4 20. Rc2 Rfb8 21. Re1 Qf6 $6 {Dieser auf den
ersten Blick logische Zug erlaubt Weiß eine taktische Entlastung. Sicherer war
die Position der schwarzen Dame nach z.B. 21...Qa7!} (21... Qa7 $1 22. Ree2 Rb4
23. Nd1 Rab8 $15 {, und die schwarzen Figuren kleben an der Schwäche b2.}) 22.
Ree2 Rb4 23. Nd2 $1 {[%mdl 64]} Nxb2 (23... Nxd2 24. Rexd2 Bf8 25. Qe3 Bg7 26.
Ne2 Rab8 27. Qf3 $11) 24. Rxb2 Rxb2 25. Nde4 dxe4 26. Nxe4 $11 Qf5 (26... Qe6
27. Rxb2 Bf8 28. Qf3 Rd8 29. Rc2 Rxd4 30. Nf6+ Kg7 31. Rxc6 $11) 27. Rxb2 Rd8
28. Qf3 Be7 (28... Bf8 29. Nf6+ Kg7 30. Qxf5 gxf5 31. Nh5+ Kh6 32. Nf4 Rxd4 33.
Rb7 Bc5 34. Rxf7 Rd2 35. Rf6+ Kg7 36. Rxf5 Rxf2+ 37. Kh3 $11) 29. Rb7 Qe6 30.
Qf4 a3 31. Qe5 Qxe5 32. dxe5 Kf8 {Das entstandene Endspiel ist ausgeglichen,
die aktive Position der weißen Figuren wird durch die Schwäche des Bauern a2
wettgemacht.} 33. Rc7 c5 34. f4 h5 35. h3 Ke8 36. g4 hxg4 37. hxg4 Rd5 38. Kf3
Kd8 39. Ra7 c4 40. Ra8+ Kd7 41. Ra7+ Kd8 1/2-1/2